[Event "34th European Club Cup 2018"]
[Site "Halkidiki"]
[Date "2018.10.13"]
[Round "2"]
[White "Kalogeris, Ioannis"]
[Black "Stojcevski, Zoran"]
[Result "1/2-1/2"]
[WhiteElo "2351"]
[BlackElo "2348"]
[Annotator "TA"]
[PlyCount "140"]
[EventDate "2018.10.12"]
[EventType "team-tourn"]
[EventCountry "GRE"]
[SourceTitle "playchess.com"]
[Source "ChessBase"]
[SourceQuality "1"]
[WhiteTeam "Thessalonikis"]
[BlackTeam "Asseco SEE"]

1. e4 e5 2. Nf3 Nc6 3. d4 exd4 4. Nxd4 Bc5 5. Nb3 Bb6 6. Nc3 d6 7. Qe2 Nge7 8. Be3 O-O 9. O-O-O f5 10. f4 fxe4 11. Bxb6 axb6 12. Qxe4 Ng6 13. g3 Bf5 14. Qg2 Kh8 15. a3 Qd7 16. h3 Qf7 17. Be2 Be6 18. Nd4 Nxf4 19. Qe4 Nxe2+ 20. Ndxe2 Rae8 21. Qg2 Qf3 22. Qxf3 Rxf3 23. Nf4 g5 24. Nxe6 Rxe6 25. Nd5 Rxg3 26. Nxc7 Rh6 27. Rhf1 Ne5 28. Rf8+ Kg7 29. Rdf1 Rhxh3 30. Ne8+ Kh6 31. R8f6+ Kh5 32. Rxd6 Nf3 33. Nf6+ Kh4 34. Nxh7 Kg4 35. Nf6+ Kf5 36. Nd7 g4 37. Rxb6 Rg1 38. Rf6+ Ke4 39. Nc5+ Ke3 40. R6xf3+ gxf3 41. Rxg1 f2 42. Rd1 Rf3 43. b3 b6 44. Na4 Rg3 45. Nc3 Rg1 46. Kb2 Re1 47. Rd3+ Kf4 48. Nd5+ Ke4 49. Nf6+ Kf4 50. Nd5+ Ke4 51. Nc3+ Kf4 52. Rd8 f1=Q 53. Rf8+ Ke5 54. Rxf1 Rxf1 55. b4 Kd4 56. Nb5+ Kc4 57. Nd6+ Kd5 58. Nc8 b5 59. Na7 Kc4 60. Nc6 Re1 61. Na5+ Kd4 62. Nb3+ Kc4 63. Nd2+ Kd5 64. Kb3 Rd1 65. Kc3 Ra1 66. Kb2 Rd1 67. Nb3 Kc4 68. Nc1 Re1 69. Nd3 Re2 70. Nf4 Re4 1/2-1/2

[Event "34th European Club Cup 2018"]
[Site "Halkidiki"]
[Date "2018.10.13"]
[Round "2"]
[White "Valdes Escobar, Alvaro"]
[Black "Kazakovskiy, Valeriy"]
[Result "1/2-1/2"]
[WhiteElo "2351"]
[BlackElo "2405"]
[Annotator "TA"]
[PlyCount "61"]
[EventDate "2018.10.12"]
[EventType "team-tourn"]
[EventCountry "GRE"]
[SourceTitle "playchess.com"]
[Source "ChessBase"]
[SourceQuality "1"]
[WhiteTeam "Wood Green"]
[BlackTeam "Overtime"]

1. c4 Nf6 2. Nc3 e6 3. e4 c5 4. Nf3 Nc6 5. d4 cxd4 6. Nxd4 Bb4 7. Nxc6 dxc6 8. Qxd8+ Kxd8 9. e5 Nd7 10. Bf4 Bxc3+ 11. bxc3 b6 12. O-O-O Kc7 13. h4 Ba6 14. h5 Nc5 15. h6 g6 16. f3 Rhd8 17. Bg5 Rxd1+ 18. Kxd1 Nb7 19. Rh4 Kd7 20. Kc2 Rc8 21. Rf4 Ke8 22. g4 Na5 23. Re4 c5 24. f4 Bb7 25. Re3 Ba6 26. Re4 Bb7 27. Re3 Ba6 28. Re4 Bb7 29. Re3 Ba6 30. Re4 Bb7 31. Re3 1/2-1/2

[Event "34th European Club Cup 2018"]
[Site "Halkidiki"]
[Date "2018.10.13"]
[Round "2"]
[White "Berend, Fred"]
[Black "Alsina Leal, Daniel"]
[Result "0-1"]
[WhiteElo "2350"]
[BlackElo "2483"]
[Annotator "TA"]
[PlyCount "122"]
[EventDate "2018.10.12"]
[EventType "team-tourn"]
[EventCountry "GRE"]
[SourceTitle "playchess.com"]
[Source "ChessBase"]
[SourceQuality "1"]
[WhiteTeam "Dudelange"]
[BlackTeam "White Rose"]

1. e4 c5 2. Nc3 Nc6 3. Nf3 e5 4. Bc4 Be7 5. d3 d6 6. Nd2 Nf6 7. Nf1 O-O 8. Ne3 a6 9. a4 Rb8 10. Bd2 b6 11. O-O Nd4 12. Ncd5 b5 13. Nxf6+ Bxf6 14. Bd5 b4 15. g3 Bh3 16. Ng2 Qd7 17. c3 bxc3 18. bxc3 Ne6 19. Bc4 Nc7 20. Qc2 d5 21. exd5 Nxd5 22. Rab1 Qc6 23. f3 Rxb1 24. Qxb1 h6 25. Qb3 Nc7 26. Rf2 Ne6 27. Ne3 Qd6 28. Bc1 Rb8 29. Qa2 Bg5 30. a5 Qc6 31. Nd5 Kh7 32. Rb2 Rxb2 33. Bxb2 Nc7 34. Kf2 Nb5 35. Qb3 Nd6 36. Qb6 Bd7 37. h4 Nxc4 38. dxc4 Bf6 39. Ba3 Qa4 40. Nxf6+ gxf6 41. Qb1+ Kg7 42. Bxc5 Qxc4 43. Bb4 Bb5 44. Qe1 h5 45. Kg2 Qd3 46. Kf2 Qc2+ 47. Kg1 Be2 48. Kf2 Bb5+ 49. Kg1 Qf5 50. Kg2 Bd7 51. Kf2 Bc6 52. Qe3 Qh3 53. f4 Qg2+ 54. Ke1 e4 55. Qf2 Qh3 56. Kd2 Bb5 57. Ke3 Qh1 58. f5 Qd1 59. Kf4 Bc6 60. Ke3 Qd3+ 61. Kf4 e3 0-1

[Event "34th European Club Cup 2018"]
[Site "Halkidiki"]
[Date "2018.10.13"]
[Round "2"]
[White "Grigorian, Spartak"]
[Black "Berg, Michael"]
[Result "1-0"]
[WhiteElo "2347"]
[BlackElo "2331"]
[Annotator "TA"]
[PlyCount "135"]
[EventDate "2018.10.12"]
[EventType "team-tourn"]
[EventCountry "GRE"]
[SourceTitle "playchess.com"]
[Source "ChessBase"]
[SourceQuality "1"]
[WhiteTeam "Bremen"]
[BlackTeam "Solingen"]

1. d4 Nf6 2. Nf3 g6 3. g3 Bg7 4. Bg2 O-O 5. O-O c5 6. dxc5 Na6 7. Be3 Ne4 8. Bd4 Nexc5 9. Bxg7 Kxg7 10. Qd4+ f6 11. c4 b6 12. Nc3 Bb7 13. Rfd1 d6 14. Rac1 Qd7 15. Nd5 Nc7 16. b4 N5a6 17. Nxc7 Nxc7 18. c5 bxc5 19. bxc5 Rac8 20. cxd6 Nb5 21. Qa4 exd6 22. Qb4 Rxc1 23. Rxc1 Rc8 24. Rb1 Rc5 25. a4 Bxf3 26. Bxf3 Nc3 27. Rb3 Nxa4 28. Qb8 Nb6 29. Ra3 Rc7 30. h4 h5 31. Kg2 d5 32. Ra5 Rb7 33. Qf4 Qe7 34. g4 hxg4 35. Qxg4 Qe5 36. Rc5 Qd6 37. Rc3 Qe5 38. Re3 Qf5 39. Qxf5 gxf5 40. Ra3 f4 41. Ra5 Rd7 42. Bg4 Re7 43. Kf3 Nc4 44. Rxd5 Ne5+ 45. Kxf4 Nxg4 46. Kxg4 Rxe2 47. Rd7+ Kg6 48. h5+ Kh6 49. f4 Rh2 50. Kf5 Rxh5+ 51. Kxf6 Ra5 52. Rd6 Kh5 53. f5 Rb5 54. Rd1 Rb6+ 55. Kg7 Rb7+ 56. Kf6 Rb6+ 57. Ke5 Rb5+ 58. Ke6 Rb6+ 59. Rd6 Rb1 60. Ke7 Rb7+ 61. Rd7 Rb5 62. f6 Re5+ 63. Kf8 Kg6 64. f7 Kh7 65. Rd4 Rf5 66. Rd1 Rf2 67. Rh1+ Kg6 68. Kg8 1-0

[Event "34th European Club Cup 2018"]
[Site "Halkidiki"]
[Date "2018.10.13"]
[Round "2"]
[White "Kristensen, Kaare Hove"]
[Black "Popovic, Milan S"]
[Result "1/2-1/2"]
[WhiteElo "2347"]
[BlackElo "2309"]
[Annotator "NA"]
[PlyCount "61"]
[EventDate "2018.10.12"]
[EventType "team-tourn"]
[EventCountry "GRE"]
[SourceTitle "playchess.com"]
[Source "ChessBase"]
[SourceQuality "1"]
[WhiteTeam "Nordkalotten"]
[BlackTeam "Partizan"]

1. d4 Nf6 2. c4 g6 3. Nc3 Bg7 4. e4 d6 5. f4 O-O 6. Nf3 Na6 7. Be2 e5 8. dxe5 dxe5 9. Qxd8 Rxd8 10. fxe5 Ng4 11. Bg5 Re8 12. Nd5 h6 13. Be7 Nxe5 14. Nf6+ Bxf6 15. Bxf6 Nd7 16. Bc3 Nac5 17. Bd2 Kg7 18. e5 Ne4 19. Be3 c5 20. Bd3 Nxe5 21. Bxe4 Nxf3+ 22. gxf3 f5 23. Bxc5 fxe4 24. O-O Bf5 25. Rae1 exf3 26. Rxe8 Rxe8 27. Rxf3 a6 28. Re3 Rxe3 29. Bxe3 Bb1 30. a3 Ba2 31. c5 1/2-1/2

[Event "34th European Club Cup 2018"]
[Site "Halkidiki"]
[Date "2018.10.13"]
[Round "2"]
[White "Cooper, Lawrence H"]
[Black "Sotsky, Alexander"]
[Result "1/2-1/2"]
[WhiteElo "2344"]
[BlackElo "2330"]
[Annotator "NA"]
[PlyCount "115"]
[EventDate "2018.10.12"]
[EventType "team-tourn"]
[EventCountry "GRE"]
[SourceTitle "playchess.com"]
[Source "ChessBase"]
[SourceQuality "1"]
[WhiteTeam "Wood Green"]
[BlackTeam "Overtime"]

1. d4 e6 2. e4 d5 3. Nd2 dxe4 4. Nxe4 Bd7 5. Nf3 Bc6 6. Bd3 Bxe4 7. Bxe4 c6 8. O-O Nf6 9. Bd3 Bd6 10. c4 Nbd7 11. b3 O-O 12. Bb2 Re8 13. Re1 Qc7 14. Qe2 a5 15. a3 Bf8 16. Qd2 g6 17. Bf1 Bg7 18. g3 Rad8 19. Bc3 b6 20. Qb2 Ng4 21. Rad1 h5 22. b4 axb4 23. axb4 Ra8 24. Ra1 Nh6 25. Rxa8 Rxa8 26. Ra1 Rxa1 27. Qxa1 Nf5 28. Bd3 Qd6 29. Bxf5 exf5 30. Qa8+ Nf8 31. Qb7 Nd7 32. Qc8+ Nf8 33. Qb7 Nd7 34. Qc8+ Nf8 35. Kg2 Qe6 36. Qa6 Qe4 37. Qxb6 g5 38. Qb8 g4 39. Qf4 gxf3+ 40. Qxf3 Ne6 41. b5 cxb5 42. cxb5 Bxd4 43. Qxe4 fxe4 44. Bxd4 Nxd4 45. b6 Kg7 46. b7 Nc6 47. f3 f5 48. Kf2 Kf6 49. fxe4 fxe4 50. Ke3 Ke5 51. h3 Nb8 52. g4 h4 53. g5 Nd7 54. g6 Kf6 55. Kxe4 Nc5+ 56. Kf4 Nxb7 57. Kg4 Kxg6 58. Kxh4 1/2-1/2

[Event "34th European Club Cup 2018"]
[Site "Halkidiki"]
[Date "2018.10.13"]
[Round "2"]
[White "Ranaldi, Lucas"]
[Black "Ragger, Markus"]
[Result "0-1"]
[WhiteElo "2335"]
[BlackElo "2690"]
[Annotator "TA"]
[PlyCount "70"]
[EventDate "2018.10.12"]
[EventType "team-tourn"]
[EventCountry "GRE"]
[SourceTitle "playchess.com"]
[Source "ChessBase"]
[SourceQuality "1"]
[WhiteTeam "SK Oslo"]
[BlackTeam "Novy Bor"]

1. c4 c5 2. Nf3 Nf6 3. g3 d5 4. cxd5 Nxd5 5. Bg2 Nc6 6. d4 cxd4 7. Nxd4 Ndb4 8. Nxc6 Qxd1+ 9. Kxd1 Nxc6 10. Bxc6+ bxc6 11. Be3 e5 12. Nc3 Bf5 13. f3 Bb4 14. Rc1 Rb8 15. a3 Bxc3 16. bxc3 a5 17. c4 O-O 18. Ke1 e4 19. f4 Rb2 20. Kf2 Bg4 21. Rce1 Rfb8 22. h3 Be6 23. Rc1 h5 24. Bd4 Ra2 25. Ra1 Rxa1 26. Rxa1 Bxh3 27. Bc3 Rb3 28. Bd4 a4 29. c5 f6 30. e3 Be6 31. Ke2 Rd3 32. Ke1 Kh7 33. Ke2 Kg6 34. Ke1 Kf5 35. Ke2 Bc4 0-1

[Event "34th European Club Cup 2018"]
[Site "Halkidiki"]
[Date "2018.10.13"]
[Round "2"]
[White "Lampen, Timo"]
[Black "Heaven, Pete"]
[Result "1/2-1/2"]
[WhiteElo "2332"]
[BlackElo "2041"]
[Annotator "NA"]
[PlyCount "119"]
[EventDate "2018.10.12"]
[EventType "team-tourn"]
[EventCountry "GRE"]
[SourceTitle "playchess.com"]
[Source "ChessBase"]
[SourceQuality "1"]
[WhiteTeam "Comeon"]
[BlackTeam "White Knights"]

1. d4 Nf6 2. c4 e6 3. Nc3 Bb4 4. f3 d5 5. a3 Bxc3+ 6. bxc3 c5 7. cxd5 Nxd5 8. dxc5 f5 9. Nh3 Qa5 10. Nf4 Nc6 11. Nxd5 exd5 12. Kf2 Qxc5+ 13. e3 f4 14. Rb1 a6 15. g3 O-O 16. gxf4 Rxf4 17. Kg3 Rf6 18. Bg2 Qd6+ 19. f4 Rg6+ 20. Kf2 Rxg2+ 21. Kxg2 Qg6+ 22. Kf2 Qxb1 23. Qxd5+ Kh8 24. Rg1 Qc2+ 25. Kf3 Bf5 26. Rg5 Qxc1 27. Qxf5 Qxc3 28. Qd7 h6 29. Rg3 Rf8 30. Qxb7 Re8 31. Kf2 Rb8 32. Qxa6 Rb2+ 33. Kf3 Qf6 34. Qc8+ Kh7 35. Qc7 Rc2 36. Qb7 Ne5+ 37. Ke4 Nf7 38. Qd5 Nd6+ 39. Kf3 Nf5 40. Qe4 Rc3 41. Kf2 Rxa3 42. Qc2 g6 43. Rf3 Qe6 44. Qc7+ Ng7 45. Qb7 Rb3 46. Qc7 Rb2+ 47. Kg3 Qa2 48. f5 gxf5 49. e4 fxe4 50. Rf7 Rb3+ 51. Kh4 Qa1 52. Qf4 Qe1+ 53. Kg4 h5+ 54. Kg5 Rb5+ 55. Kf6 Qc3+ 56. Ke7 Rb7+ 57. Kd6 Qd4+ 58. Kc6 Qb6+ 59. Kd5 Qe6+ 60. Kd4 1/2-1/2

[Event "34th European Club Cup 2018"]
[Site "Halkidiki"]
[Date "2018.10.13"]
[Round "2"]
[White "Gantner, Matthias"]
[Black "Mossong, Hubert"]
[Result "1-0"]
[WhiteElo "2331"]
[BlackElo "2076"]
[Annotator "NA"]
[PlyCount "81"]
[EventDate "2018.10.12"]
[EventType "team-tourn"]
[EventCountry "GRE"]
[SourceTitle "playchess.com"]
[Source "ChessBase"]
[SourceQuality "1"]
[WhiteTeam "White Rose"]
[BlackTeam "Dudelange"]

1. e4 d6 2. d4 Nf6 3. Nc3 c6 4. f4 Qa5 5. Bd3 e5 6. Nf3 Bg4 7. Be3 Nbd7 8. O-O Be7 9. h3 Bh5 10. Qe1 Bxf3 11. Rxf3 Nh5 12. Ne2 Qxe1+ 13. Rxe1 exf4 14. Nxf4 Nxf4 15. Bxf4 O-O 16. c3 Rfe8 17. Bc4 Nf8 18. Bxd6 Bxd6 19. Bxf7+ Kh8 20. Bxe8 Rxe8 21. e5 Kg8 22. Kf1 Be7 23. b4 Nd7 24. a4 Nb6 25. b5 Nc4 26. Ke2 Rc8 27. bxc6 bxc6 28. Rb1 Na5 29. Kd3 Rd8 30. c4 g6 31. Kc3 Bf8 32. c5 Bh6 33. h4 Bg7 34. g4 Bf8 35. Rf2 Be7 36. g5 h6 37. gxh6 Bxh4 38. Rfb2 Kh7 39. Rb8 Rd7 40. Rf8 Bg5 41. e6 1-0

[Event "34th European Club Cup 2018"]
[Site "Halkidiki"]
[Date "2018.10.13"]
[Round "2"]
[White "Hautot, Stephane"]
[Black "Peoples, Jonathon"]
[Result "1-0"]
[WhiteElo "2331"]
[BlackElo "1856"]
[Annotator "NA"]
[PlyCount "65"]
[EventDate "2018.10.12"]
[EventType "team-tourn"]
[EventCountry "GRE"]
[SourceTitle "playchess.com"]
[Source "ChessBase"]
[SourceQuality "1"]
[WhiteTeam "Wirtzfeld"]
[BlackTeam "Ballinasloe"]

1. Nf3 Nf6 2. g3 d5 3. Bg2 c6 4. O-O Bg4 5. Ne5 Bh5 6. d3 Nbd7 7. Nxd7 Nxd7 8. Nd2 e6 9. Qe1 Be7 10. e4 O-O 11. f4 dxe4 12. dxe4 e5 13. Kh1 exf4 14. gxf4 f5 15. e5 Nc5 16. Qe3 Ne6 17. Nb3 a5 18. a4 Bd1 19. Rf2 Qc7 20. Bd2 Bxc2 21. Bxa5 Rxa5 22. Rxc2 Raa8 23. Bf1 Kh8 24. Bc4 Qc8 25. a5 Rd8 26. Rf1 Bb4 27. Qb6 Be7 28. Kg2 g5 29. fxg5 Bxg5 30. Kh1 Nf4 31. Qe3 Qd7 32. e6 Qd1 33. Qe5+ 1-0

[Event "34th European Club Cup 2018"]
[Site "Halkidiki"]
[Date "2018.10.13"]
[Round "2"]
[White "Heinzel, Olaf"]
[Black "Kalaitzoglou, Panayotis"]
[Result "1/2-1/2"]
[WhiteElo "2331"]
[BlackElo "2071"]
[Annotator "NA"]
[PlyCount "110"]
[EventDate "2018.10.12"]
[EventType "team-tourn"]
[EventCountry "GRE"]
[SourceTitle "playchess.com"]
[Source "ChessBase"]
[SourceQuality "1"]
[WhiteTeam "Bonnevoie"]
[BlackTeam "Chania CC"]

1. d4 Nf6 2. Bf4 d5 3. e3 c5 4. Nc3 e6 5. Nb5 Na6 6. c3 Be7 7. Be2 O-O 8. h3 Bd7 9. Nf3 c4 10. a4 Qb6 11. b3 Bxb5 12. axb5 Qxb5 13. Nd2 Qc6 14. O-O b5 15. bxc4 bxc4 16. Qa4 Nb8 17. Bf3 Rc8 18. Rfb1 Nbd7 19. Qxc6 Rxc6 20. Rb7 a5 21. e4 Rb6 22. exd5 exd5 23. Bxd5 Nxd5 24. Rxd7 Nxf4 25. Rxe7 Re6 26. Rxe6 fxe6 27. Nxc4 Ne2+ 28. Kh2 Nxc3 29. Rxa5 Rd8 30. Ra6 Rxd4 31. Ne5 h6 32. Rxe6 Re4 33. Re8+ Kh7 34. Re6 Nd5 35. Nd7 Rxe6 36. Nf8+ Kg8 37. Nxe6 Kf7 38. Nd4 Kf6 39. g3 Nc3 40. Kg2 Ke5 41. Nc2 g6 42. Kf3 Ne4 43. Ke3 Nd6 44. f4+ Kf6 45. g4 g5 46. Nd4 gxf4+ 47. Kxf4 Kg6 48. h4 Nf7 49. h5+ Kf6 50. Nf5 Ke6 51. Nxh6 Nxh6 52. g5 Kf7 53. gxh6 Kg8 54. h7+ Kxh7 55. h6 Kxh6 1/2-1/2

[Event "34th European Club Cup 2018"]
[Site "Halkidiki"]
[Date "2018.10.13"]
[Round "2"]
[White "Lemmers, Oscar"]
[Black "Kosanovic, Goran A"]
[Result "1/2-1/2"]
[WhiteElo "2327"]
[BlackElo "2329"]
[Annotator "NA"]
[PlyCount "61"]
[EventDate "2018.10.12"]
[EventType "team-tourn"]
[EventCountry "GRE"]
[SourceTitle "playchess.com"]
[Source "ChessBase"]
[SourceQuality "1"]
[WhiteTeam "KGSRL"]
[BlackTeam "Sloven Ruma"]

1. e4 e6 2. d4 d5 3. Nd2 dxe4 4. Nxe4 Nd7 5. Nf3 Ngf6 6. Nxf6+ Nxf6 7. g3 Bd7 8. Ne5 Bc6 9. Nxc6 Qd5 10. Rg1 Qxc6 11. Bg2 Qb6 12. c3 Bd6 13. Qb3 c6 14. Bf3 Qc7 15. Bg5 h6 16. Bxf6 gxf6 17. Bh5 O-O-O 18. O-O-O Rhg8 19. Qc2 Rg5 20. Qe2 Rd7 21. Kb1 Qa5 22. Bf3 Rb5 23. Qc2 Ba3 24. b3 Bf8 25. Be2 Rbd5 26. f4 f5 27. Bf3 R5d6 28. g4 fxg4 29. Bxg4 Kc7 30. b4 Qa3 31. Qb2 1/2-1/2

[Event "34th European Club Cup 2018"]
[Site "Halkidiki"]
[Date "2018.10.13"]
[Round "2"]
[White "Van der Lende, Ilias"]
[Black "Ostergaard, Jens"]
[Result "1-0"]
[WhiteElo "2327"]
[BlackElo "2225"]
[Annotator "NA"]
[PlyCount "107"]
[EventDate "2018.10.12"]
[EventType "team-tourn"]
[EventCountry "GRE"]
[SourceTitle "playchess.com"]
[Source "ChessBase"]
[SourceQuality "1"]
[WhiteTeam "Deloitte"]
[BlackTeam "Hillerod"]

1. e4 d5 2. exd5 Qxd5 3. Nc3 Qd8 4. d4 Nf6 5. Bg5 e6 6. Nf3 Be7 7. Bd3 Nbd7 8. Qe2 O-O 9. O-O-O c5 10. dxc5 Qa5 11. Kb1 Nxc5 12. Ne5 Qc7 13. Bf4 Qb6 14. g4 Nd5 15. Nxd5 exd5 16. Nd7 Bxd7 17. Qxe7 Nxd3 18. Rxd3 Bb5 19. Rd2 Rfe8 20. Qg5 Qg6 21. Qxg6 hxg6 22. Rd4 a6 23. h4 Rac8 24. Be3 Rc4 25. Rhd1 Rxd4 26. Rxd4 Bc6 27. b3 f6 28. Kb2 Kf7 29. Kc3 a5 30. a4 Ke6 31. Rd1 b5 32. axb5 Bxb5 33. Bc5 Bc6 34. Ra1 a4 35. bxa4 Kd7 36. a5 Re4 37. Bd4 Rxg4 38. a6 Rxh4 39. a7 Rh8 40. Rg1 g5 41. Kb4 Ba8 42. Ka5 Kd6 43. c3 Kc6 44. Rb1 Bb7 45. Bc5 Re8 46. Bd6 Ba8 47. Rb8 Kd7 48. Kb6 Rc8 49. Bf8 g6 50. Be7 f5 51. Bxg5 Rc6+ 52. Kb5 Rc8 53. Bf4 Kd8 54. Kb6 1-0

[Event "34th European Club Cup 2018"]
[Site "Halkidiki"]
[Date "2018.10.13"]
[Round "2"]
[White "Tryggestad, Andreas Garberg"]
[Black "Stillger, Bernhard"]
[Result "1-0"]
[WhiteElo "2320"]
[BlackElo "2265"]
[Annotator "NA"]
[PlyCount "81"]
[EventDate "2018.10.12"]
[EventType "team-tourn"]
[EventCountry "GRE"]
[SourceTitle "playchess.com"]
[Source "ChessBase"]
[SourceQuality "1"]
[WhiteTeam "Nordstrand"]
[BlackTeam "Eynatten"]

1. d4 e6 2. c4 Bb4+ 3. Bd2 a5 4. a3 Bxd2+ 5. Nxd2 Nc6 6. Ngf3 Nf6 7. e4 d6 8. b4 axb4 9. axb4 Rxa1 10. Qxa1 O-O 11. b5 Nb8 12. g3 Nbd7 13. Bg2 Re8 14. e5 dxe5 15. dxe5 Ng4 16. h3 Nh6 17. Ne4 Qe7 18. O-O Nc5 19. Nfg5 Nf5 20. Qa3 Nxe4 21. Qxe7 Rxe7 22. Nxe4 Bd7 23. Rd1 Be8 24. Rd8 Kf8 25. Nc5 b6 26. Na6 f6 27. g4 Nh4 28. exf6 gxf6 29. Bc6 Kf7 30. Bxe8+ Rxe8 31. Rxe8 Kxe8 32. Nxc7+ Kd7 33. Na8 Nf3+ 34. Kg2 Ne5 35. Nxb6+ Kc7 36. c5 Nd3 37. Na4 Nf4+ 38. Kg3 Ne2+ 39. Kh4 Nd4 40. Nc3 Nf3+ 41. Kh5 1-0

[Event "34th European Club Cup 2018"]
[Site "Halkidiki"]
[Date "2018.10.13"]
[Round "2"]
[White "Rosenthal, Jonathan"]
[Black "Gunnarsson, Arnar"]
[Result "1/2-1/2"]
[WhiteElo "2315"]
[BlackElo "2428"]
[Annotator "TA"]
[PlyCount "91"]
[EventDate "2018.10.12"]
[EventType "team-tourn"]
[EventCountry "GRE"]
[SourceTitle "playchess.com"]
[Source "ChessBase"]
[SourceQuality "1"]
[WhiteTeam "Zurich"]
[BlackTeam "Reykjavik"]

1. d4 f5 2. g3 Nf6 3. Bg2 e6 4. c4 d5 5. Nd2 Bd6 6. Nh3 c6 7. O-O O-O 8. Qc2 b6 9. Nf3 Ba6 10. cxd5 cxd5 11. Bf4 Qe7 12. Rfc1 Nbd7 13. Qa4 Bb7 14. Rc2 h6 15. Bxd6 Qxd6 16. Nf4 a6 17. Rac1 Rfc8 18. Nd3 Rxc2 19. Rxc2 Rc8 20. Rxc8+ Bxc8 21. Qc2 Bb7 22. Nfe5 Ne8 23. e3 Nf8 24. b4 Qc7 25. Qxc7 Nxc7 26. a4 Bc8 27. a5 bxa5 28. bxa5 Nd7 29. Bf1 Kf8 30. Be2 Ke7 31. Kf1 Nb8 32. Nc5 Kd6 33. Ke1 Ne8 34. Bd1 Kc7 35. Kd2 Nd6 36. Be2 Nb7 37. Nxb7 Bxb7 38. Kc3 Nc6 39. Nxc6 Kxc6 40. Kb4 Kd6 41. f4 Bc8 42. h4 Kc6 43. Bh5 Kd6 44. Be2 Kc6 45. g4 Kd6 46. gxf5 1/2-1/2

[Event "34th European Club Cup 2018"]
[Site "Halkidiki"]
[Date "2018.10.13"]
[Round "2"]
[White "Tesic, Dragan"]
[Black "Vanheirzeele, Daniel"]
[Result "1/2-1/2"]
[WhiteElo "2313"]
[BlackElo "2158"]
[Annotator "NA"]
[PlyCount "61"]
[EventDate "2018.10.12"]
[EventType "team-tourn"]
[EventCountry "GRE"]
[SourceTitle "playchess.com"]
[Source "ChessBase"]
[SourceQuality "1"]
[WhiteTeam "Sloven Ruma"]
[BlackTeam "KGSRL"]

1. d4 Nf6 2. Nf3 e6 3. c4 b6 4. g3 Ba6 5. b3 Bb4+ 6. Bd2 Be7 7. Bg2 Bb7 8. Nc3 O-O 9. Qc2 d5 10. cxd5 exd5 11. Ne5 Na6 12. O-O Re8 13. Rfd1 c6 14. a3 Nc7 15. b4 Ne6 16. e3 Rc8 17. Qb3 Qd6 18. Be1 Red8 19. Nd3 Qb8 20. a4 Qa8 21. a5 c5 22. bxc5 bxc5 23. dxc5 Bxc5 24. Na4 Bf8 25. Nb4 d4 26. Bxb7 Qxb7 27. f4 Rb8 28. Rab1 dxe3 29. Rxd8 Rxd8 30. Qxe3 Qd7 31. f5 1/2-1/2

[Event "34th European Club Cup 2018"]
[Site "Halkidiki"]
[Date "2018.10.13"]
[Round "2"]
[White "Milosevic, Milos"]
[Black "Jepson, Christian"]
[Result "1-0"]
[WhiteElo "2306"]
[BlackElo "2413"]
[Annotator "TA"]
[PlyCount "126"]
[EventDate "2018.10.12"]
[EventType "team-tourn"]
[EventCountry "GRE"]
[SourceTitle "playchess.com"]
[Source "ChessBase"]
[SourceQuality "1"]
[WhiteTeam "Partizan"]
[BlackTeam "Nordkalotten"]

1. e4 d6 2. d4 g6 3. Nc3 Bg7 4. f4 Nc6 5. Be3 Nf6 6. Be2 e6 7. Qd2 Ne7 8. O-O-O a6 9. g4 b5 10. Bf3 Bb7 11. Qg2 b4 12. Nce2 d5 13. e5 Ne4 14. Ng3 f5 15. exf6 Bxf6 16. Nxe4 dxe4 17. Bxe4 Bxe4 18. Qxe4 Qd5 19. Qxd5 Nxd5 20. Rd3 h5 21. g5 Be7 22. Ne2 Rf8 23. Bd2 Kd7 24. h4 Bd6 25. Rf1 Rf7 26. Rdf3 Raf8 27. Kb1 a5 28. c4 bxc3 29. bxc3 Rb8+ 30. Kc2 c5 31. dxc5 Bxc5 32. Rd3 Ke7 33. Nd4 Rc8 34. f5 Bxd4 35. Rxd4 Rxf5 36. Rxf5 gxf5 37. Kd3 Rc5 38. Rc4 Rxc4 39. Kxc4 a4 40. Kc5 f4 41. Kd4 f3 42. Be3 Nf4 43. Ke4 Ng6 44. Bf2 Kd6 45. c4 Nf8 46. Kxf3 Ke5 47. Ke3 Ng6 48. Kd3 Ne7 49. Kc3 Nc6 50. c5 Kd5 51. g6 e5 52. g7 Ne7 53. Kb4 Ke6 54. Kxa4 Kf7 55. Kb5 Kxg7 56. a4 Kf6 57. a5 Ke6 58. a6 Kd7 59. a7 Nd5 60. c6+ Kd6 61. Bc5+ Ke6 62. Bb6 Nc3+ 63. Ka5 Kd5 1-0

[Event "34th European Club Cup 2018"]
[Site "Halkidiki"]
[Date "2018.10.13"]
[Round "2"]
[White "Rudolf, Henrik"]
[Black "Dvirnyy, Danyyil"]
[Result "0-1"]
[WhiteElo "2306"]
[BlackElo "2480"]
[Annotator "TA"]
[PlyCount "104"]
[EventDate "2018.10.12"]
[EventType "team-tourn"]
[EventCountry "GRE"]
[SourceTitle "playchess.com"]
[Source "ChessBase"]
[SourceQuality "1"]
[WhiteTeam "Berlin"]
[BlackTeam "Padova"]

1. e4 e5 2. Nf3 Nc6 3. Bb5 Nf6 4. O-O Nxe4 5. d4 Nd6 6. Bxc6 dxc6 7. dxe5 Nf5 8. Qxd8+ Kxd8 9. a4 h6 10. h3 Bd7 11. Rd1 Kc8 12. g4 Ne7 13. Ra3 b6 14. Rad3 Be6 15. Rd8+ Kb7 16. Rxa8 Kxa8 17. Rd8+ Kb7 18. Nd4 Bc8 19. Kg2 c5 20. Nf3 g5 21. Bxg5 hxg5 22. Nxg5 Ng6 23. Kg3 Nxe5 24. f4 f6 25. Nh7 Nd7 26. Nxf8 Rxf8 27. Rxf8 Nxf8 28. f5 Kc6 29. Nc3 Kd6 30. Kf4 Bd7 31. h4 Bc6 32. g5 fxg5+ 33. hxg5 a6 34. a5 c4 35. Nd1 Nd7 36. Ne3 c3 37. b4 bxa5 38. bxa5 Bd5 39. f6 Be6 40. Nd1 Bb3 41. Ne3 Bf7 42. Nf5+ Ke6 43. Nd4+ Kd5 44. Ne2 Bg6 45. Nxc3+ Kd6 46. Ne4+ Ke6 47. c3 Bxe4 48. Kxe4 Nc5+ 49. Kf4 Nb3 50. Kg4 Nxa5 51. Kh5 Kf7 52. Kh6 Nc6 0-1

[Event "34th European Club Cup 2018"]
[Site "Halkidiki"]
[Date "2018.10.13"]
[Round "2"]
[White "Van der Heijden, Ton"]
[Black "Pantzar, Milton"]
[Result "1/2-1/2"]
[WhiteElo "2300"]
[BlackElo "2326"]
[Annotator "NA"]
[PlyCount "65"]
[EventDate "2018.10.12"]
[EventType "team-tourn"]
[EventCountry "GRE"]
[SourceTitle "playchess.com"]
[Source "ChessBase"]
[SourceQuality "1"]
[WhiteTeam "BSG"]
[BlackTeam "Team Viking"]

1. d4 Nf6 2. c4 b6 3. Nc3 Bb7 4. Nf3 e6 5. Bg5 h6 6. Bh4 Be7 7. Qc2 d5 8. e3 O-O 9. Bxf6 Bxf6 10. cxd5 exd5 11. O-O-O c5 12. dxc5 bxc5 13. Nxd5 Bxd5 14. Bc4 Qb6 15. Rxd5 Na6 16. a3 Rab8 17. Ne5 Nc7 18. Rxc5 Ne6 19. Rc6 Qa5 20. Nd3 Rfd8 21. Rd1 Qh5 22. h3 Qg6 23. g4 Qe4 24. Nb4 Rxd1+ 25. Kxd1 Qh1+ 26. Ke2 Qxh3 27. Bxe6 fxe6 28. Qe4 Bxb2 29. Qxe6+ Kh7 30. Qf5+ Kg8 31. Qe6+ Kh7 32. Qf5+ Kg8 33. Qe6+ 1/2-1/2

[Event "34th European Club Cup 2018"]
[Site "Halkidiki"]
[Date "2018.10.13"]
[Round "2"]
[White "Vedder, Richard"]
[Black "Gibicar, Danijel"]
[Result "1-0"]
[WhiteElo "2288"]
[BlackElo "2279"]
[Annotator "NA"]
[PlyCount "61"]
[EventDate "2018.10.12"]
[EventType "team-tourn"]
[EventCountry "GRE"]
[SourceTitle "playchess.com"]
[Source "ChessBase"]
[SourceQuality "1"]
[WhiteTeam "En Passant"]
[BlackTeam "Echternach"]

1. d4 Nf6 2. c4 c5 3. d5 b5 4. cxb5 a6 5. bxa6 g6 6. Nc3 Bxa6 7. e4 Bxf1 8. Kxf1 d6 9. Nf3 Bg7 10. g3 Nbd7 11. Kg2 O-O 12. a4 Qa5 13. Bd2 Qa6 14. Qc2 Rfc8 15. Nb5 Qb7 16. Bc3 Nb6 17. Nd2 Qd7 18. b3 c4 19. Bd4 cxb3 20. Qxb3 Rab8 21. Rhb1 Na8 22. Qd3 Ng4 23. Bxg7 Kxg7 24. Qd4+ Kg8 25. h3 Nf6 26. Na7 Re8 27. Rxb8 Rxb8 28. Nc6 Rc8 29. a5 Ne8 30. Nc4 e5 31. Qb2 1-0